000
00280cam a22000977a 4500
008
180718b1996 xxu||||| |||| 00| 0 eng d
245
_a
Consumer electronics: a sector study
260
_a
_b
Export-Import Bank of India
_c
1996
300
_a
100p.
700
_a
Export-Import Bank of India
999
_c
503627
_d
503627